[Event "EU-chT Seniors 50"]
[Site "Dresden"]
[Date "2022.11.02"]
[Round "7.2"]
[White "Wolf, Sylvia"]
[Black "Schulenburg, Bernd"]
[Result "1-0"]
[WhiteElo "2037"]
[BlackElo "2174"]
[PlyCount "69"]
[EventDate "2022.10.27"]
[EventType "team-swiss"]
[EventRounds "9"]
[EventCountry "GER"]
[SourceTitle "EXT 2024"]
[Source "ChessBase"]
[SourceDate "2023.10.10"]
[SourceVersion "1"]
[SourceVersionDate "2023.10.10"]
[SourceQuality "1"]
[WhiteTeam "Germany (Women) 50"]
[BlackTeam "Magdeburg TU 50"]
[WhiteTeamCountry "GER"]
[BlackTeamCountry "GER"]

1. e4 e5 2. d4 exd4 3. Qxd4 Nc6 4. Qc4 d6 5. Nc3 Nf6 6. Be3 Ng4 7. Qe2 g6 8. h3 Nxe3 9. Qxe3 Bg7 10. 0-0-0 Be6 11. f4 Qf6 12. g4 0-0-0 13. g5 Qe7 14. Bg2 h6 15. Nf3 f6 16. h4 Rhe8 17. h5 fxg5 18. fxg5 hxg5 19. hxg6 g4 20. Nd2 Qf6 21. Kb1 Qxg6 22. Nf1 d5 23. Qe1 dxe4 24. Rxd8+ Rxd8 25. Bxe4 Bxc3 26. bxc3 Bf5 27. Bxf5+ Qxf5 28. Ne3 Qe4 29. Qg1 Ne5 30. Rh5 Rg8 31. Qg3 Nd7 32. Nd5 Qc4 33. Ne7+ Kd8 34. Nxg8 Qxg8 35. Qh4+ 1-0

[Event "WchT Seniors 50"]
[Site "Prague"]
[Date "2020.03.11"]
[Round "6.3"]
[White "Wolf, Sylvia"]
[Black "Gdovin, Jan"]
[Result "0-1"]
[WhiteElo "2035"]
[BlackElo "2035"]
[PlyCount "94"]
[EventDate "2020.03.06"]
[EventType "team-swiss"]
[EventRounds "7"]
[EventCountry "CZE"]
[SourceTitle "CBM 195 Extra"]
[Source "ChessBase"]
[SourceDate "2020.05.31"]
[SourceVersion "1"]
[SourceVersionDate "2020.05.31"]
[SourceQuality "1"]
[WhiteTeam "Germany 50 (W)"]
[BlackTeam "Czech Republic 50 VI"]
[WhiteTeamCountry "GER"]
[BlackTeamCountry "CZE"]

1. e4 e6 2. d4 d5 3. e5 c5 4. Nf3 Nc6 5. Bd3 Nh6 6. 0-0 Nf5 7. dxc5 Bxc5 8. Nc3 Nh4 9. Bf4 Ng6 10. Bg3 a6 11. a3 0-0 12. h4 f5 13. exf6 gxf6 14. h5 Nge5 15. Nxe5 Nxe5 16. Be2 Kh8 17. Qd2 Qe7 18. Rae1 Bd7 19. Bd1 Qg7 20. Qf4 Rg8 21. Qxf6 Qxf6 22. Bxe5 Raf8 23. Bxf6+ Rxf6 24. Kh2 Bxf2 25. Re2 Bg3+ 26. Kg1 Bh2+ 27. Kxh2 Rxf1 28. Rd2 Be8 29. g4 h6 30. Kg2 Rf6 31. Kh3 Rgf8 32. Kg3 Bc6 33. g5 hxg5 34. Bg4 Kg7 35. Nd1 e5 36. Ne3 d4 37. Nc4 Re8 38. c3 Rf4 39. Nd6 Ref8 40. cxd4 exd4 41. b4 R8f6 42. Nc4 Re4 43. Bd1 Rf1 44. Be2 Ra1 45. Bf3 Rf4 46. Bxc6 bxc6 47. Rd3 Rc1 0-1

[Event "WchT Seniors 50"]
[Site "Rhodes"]
[Date "2019.04.20"]
[Round "5.6"]
[White "Wolf, Sylvia"]
[Black "Kaspi, Alexander"]
[Result "0-1"]
[WhiteElo "2001"]
[BlackElo "2452"]
[PlyCount "58"]
[EventDate "2019.04.16"]
[EventType "team-swiss"]
[EventRounds "9"]
[EventCountry "GRE"]
[SourceTitle "CBM 190 Extra"]
[Source "ChessBase"]
[SourceDate "2019.07.15"]
[SourceVersion "1"]
[SourceVersionDate "2019.07.15"]
[SourceQuality "1"]
[WhiteTeam "Germany (Women)"]
[BlackTeam "Israel"]
[WhiteTeamCountry "GER"]
[BlackTeamCountry "ISR"]

1. e4 c5 2. Nf3 d6 3. Bb5+ Nd7 4. 0-0 Ngf6 5. Re1 a6 6. Bd3 e5 7. a4 b6 8. c3 Be7 9. Bc2 0-0 10. d4 Bb7 11. d5 Ne8 12. c4 g6 13. Nc3 Ng7 14. Rf1 f5 15. Ne1 f4 16. f3 h5 17. g4 hxg4 18. fxg4 g5 19. Qd3 Kf7 20. Bd1 Rh8 21. Rf3 Rh6 22. h3 Qh8 23. Be2 Nf6 24. Ng2 Qh7 25. Bf1 Rh8 26. Ne1 Bc8 27. Bg2 a5 28. Nd1 Bxg4 29. hxg4 Rh1+ 0-1

[Event "BL 1819 (Women)"]
[Site "Germany"]
[Date "2018.11.18"]
[Round "4.5"]
[White "Heinemann, Josefine"]
[Black "Wolf, Sylvia"]
[Result "1-0"]
[WhiteElo "2308"]
[BlackElo "2007"]
[PlyCount "71"]
[EventDate "2018.10.27"]
[EventType "team-tourn"]
[EventRounds "11"]
[EventCountry "GER"]
[SourceTitle "CBM 188 Extra"]
[Source "ChessBase"]
[SourceDate "2019.02.26"]
[SourceVersion "1"]
[SourceVersionDate "2019.02.26"]
[SourceQuality "1"]
[WhiteTeam "Baden-Baden (W)"]
[BlackTeam "Pankow Rotation (W)"]
[WhiteTeamCountry "GER"]
[BlackTeamCountry "GER"]

1. e4 c5 2. Nf3 d6 3. d4 cxd4 4. Nxd4 Nf6 5. Nc3 a6 6. Be3 e5 7. Nb3 Be6 8. f3 h5 9. Qd2 Qc7 10. Nd5 Nxd5 11. exd5 Bf5 12. c4 Nd7 13. Na5 Be7 14. Rc1 0-0 15. Be2 Rac8 16. 0-0 Bd8 17. b4 h4 18. Rfd1 Qb8 19. Nb3 b6 20. c5 b5 21. Qe1 e4 22. f4 Nf6 23. h3 Qa8 24. c6 Ne8 25. Nd4 g6 26. Bf2 Bb6 27. Nxf5 Bxf2+ 28. Qxf2 gxf5 29. Rc3 Rc7 30. Qxh4 Qa7+ 31. Kh2 f6 32. Rg3+ Rg7 33. Bh5 Rxg3 34. Qxg3+ Ng7 35. Bg6 e3 36. Re1 1-0

[Event "BL 1819 (Women)"]
[Site "Germany"]
[Date "2018.11.17"]
[Round "3.5"]
[White "Wolf, Sylvia"]
[Black "Basovskiy, Jana"]
[Result "1/2-1/2"]
[WhiteElo "2007"]
[BlackElo "1772"]
[PlyCount "118"]
[EventDate "2018.10.27"]
[EventType "team-tourn"]
[EventRounds "11"]
[EventCountry "GER"]
[SourceTitle "CBM 188 Extra"]
[Source "ChessBase"]
[SourceDate "2019.02.26"]
[SourceVersion "1"]
[SourceVersionDate "2019.02.26"]
[SourceQuality "1"]
[WhiteTeam "Pankow Rotation (W)"]
[BlackTeam "Karlsruhe (W)"]
[WhiteTeamCountry "GER"]
[BlackTeamCountry "GER"]

1. e4 c5 2. Nc3 e6 3. Nf3 Nc6 4. g3 Nf6 5. Bg2 Be7 6. 0-0 d5 7. exd5 exd5 8. d4 0-0 9. Bg5 Be6 10. Ne2 h6 11. Bxf6 Bxf6 12. c3 c4 13. Nf4 Bf5 14. Nd2 Ne7 15. Qf3 Bg5 16. h4 Bxf4 17. Qxf4 Bd3 18. Rfe1 Qd7 19. Qe5 Rfe8 20. Kh2 Rad8 21. Qh5 Bg6 22. Qf3 Bf5 23. Bh1 Bg4 24. Qg2 Qb5 25. f3 Be6 26. Nf1 Nf5 27. Re2 Bd7 28. Rae1 Qa4 29. a3 Rxe2 30. Rxe2 Re8 31. Rxe8+ Bxe8 32. Qe2 Qc6 33. f4 Bd7 34. Qe5 Be6 35. g4 Nxh4 36. f5 Bd7 37. Kg3 g5 38. Qxd5 Qxd5 39. Bxd5 b5 40. Nd2 Kg7 41. Ne4 f6 42. Be6 Bxe6 43. fxe6 Ng6 44. Nd6 a6 45. Kf3 Kf8 46. Nf5 Nf4 47. Ke4 Nxe6 48. Kd5 Nf4+ 49. Kc6 Ke8 50. d5 Kd8 51. Nxh6 Nd3 52. Kd6 Nxb2 53. Ke6 Nd3 54. Nf7+ Ke8 55. Kxf6 Nf4 56. d6 Nd5+ 57. Ke6 Nf4+ 58. Kf6 Nd5+ 59. Ke6 Nf4+ 1/2-1/2

[Event "WchT Seniors 50"]
[Site "Hersonissos"]
[Date "2017.04.28"]
[Round "5.3"]
[White "Druckenthaner, Andreas"]
[Black "Wolf, Sylvia"]
[Result "1/2-1/2"]
[WhiteElo "2258"]
[BlackElo "2068"]
[PlyCount "48"]
[EventDate "2017.04.24"]
[EventType "team-swiss"]
[EventRounds "9"]
[EventCountry "GRE"]
[SourceTitle "CBM 178 Extra"]
[Source "ChessBase"]
[SourceDate "2017.06.22"]
[SourceVersion "1"]
[SourceVersionDate "2017.06.22"]
[SourceQuality "1"]
[WhiteTeam "Austria"]
[BlackTeam "Germany (Women)"]
[WhiteTeamCountry "AUT"]
[BlackTeamCountry "GER"]

1. Nc3 c5 2. Nf3 Nf6 3. e4 d6 4. d4 cxd4 5. Nxd4 a6 6. a3 e5 7. Nf3 Be6 8. Ng5 Qc7 9. Nxe6 fxe6 10. g3 Be7 11. Bh3 Qc4 12. Qe2 Qxe2+ 13. Kxe2 Nc6 14. Bg5 h6 15. Bxf6 Bxf6 16. Rad1 Ke7 17. Rd3 Nd4+ 18. Kd1 g5 19. Nb1 h5 20. f3 b5 21. Nd2 Rac8 22. c3 Nc6 23. Ke2 Na5 24. b3 Rc7 1/2-1/2

[Event "BL2 Ost 1516 (Women)"]
[Site "Germany"]
[Date "2016.01.10"]
[Round "5.6"]
[White "Wolf, Sylvia"]
[Black "Frehde, Regina"]
[Result "1-0"]
[WhiteElo "2034"]
[BlackElo "1483"]
[PlyCount "37"]
[EventDate "2015.09.26"]
[EventType "team-tourn"]
[EventRounds "7"]
[EventCountry "GER"]
[SourceTitle "EXT 2017"]
[Source "ChessBase"]
[SourceDate "2016.10.25"]
[SourceVersion "1"]
[SourceVersionDate "2016.10.25"]
[SourceQuality "1"]
[WhiteTeam "Berlin Rotation (W)"]
[BlackTeam "Potsdam (W)"]
[WhiteTeamCountry "GER"]
[BlackTeamCountry "GER"]

1. e4 d6 2. d4 e6 3. Nc3 Be7 4. f4 Nf6 5. Nf3 Nbd7 6. Bd3 c5 7. Be3 cxd4 8. Bxd4 Nc5 9. Bxc5 dxc5 10. Qd2 0-0 11. 0-0-0 a6 12. g4 Qc7 13. g5 Nh5 14. e5 g6 15. Ne4 c4 16. Be2 b5 17. Nf6+ Nxf6 18. gxf6 Rd8 19. fxe7 1-0

[Event "BL2 Ost 1516 (Women)"]
[Site "Germany"]
[Date "2015.12.06"]
[Round "4.6"]
[White "Leinemann, Vivien Sophie"]
[Black "Wolf, Sylvia"]
[Result "1/2-1/2"]
[WhiteElo "1627"]
[BlackElo "2034"]
[PlyCount "80"]
[EventDate "2015.09.26"]
[EventType "team-tourn"]
[EventRounds "7"]
[EventCountry "GER"]
[SourceTitle "EXT 2017"]
[Source "ChessBase"]
[SourceDate "2016.10.25"]
[SourceVersion "1"]
[SourceVersionDate "2016.10.25"]
[SourceQuality "1"]
[WhiteTeam "Hamburger SK (W) II"]
[BlackTeam "Berlin Rotation (W)"]
[WhiteTeamCountry "GER"]
[BlackTeamCountry "GER"]

1. e4 c5 2. Nf3 d6 3. d4 cxd4 4. Nxd4 Nf6 5. Nc3 a6 6. Be3 e5 7. Nb3 Qc7 8. f3 Be7 9. Qd2 Be6 10. g4 0-0 11. g5 Nh5 12. 0-0-0 b5 13. Nd5 Bxd5 14. Qxd5 Nc6 15. Kb1 Rac8 16. c3 Nf4 17. Bxf4 exf4 18. h4 Ne5 19. Be2 b4 20. Rc1 bxc3 21. Rxc3 Qb6 22. Rxc8 Rxc8 23. Qd4 Qxd4 24. Nxd4 a5 25. Nf5 Bf8 26. Rd1 Rd8 27. Rc1 g6 28. Nd4 d5 29. Nc6 Nxc6 30. Rxc6 dxe4 31. fxe4 Rd4 32. Bf3 Rd3 33. Rc3 Rxc3 34. bxc3 Bc5 35. h5 Be7 36. Kc2 Bxg5 37. c4 Kf8 38. Kd3 Ke7 39. Kd4 Kd7 40. Kd5 Be7 1/2-1/2

[Event "BL2 Ost 1213 (Women)"]
[Site "Germany"]
[Date "2013.01.20"]
[Round "5.5"]
[White "Wolf, Sylvia"]
[Black "Germann, Heike"]
[Result "0-1"]
[WhiteElo "2068"]
[BlackElo "2085"]
[PlyCount "132"]
[EventDate "2012.10.06"]
[EventType "team-tourn"]
[EventRounds "7"]
[EventCountry "GER"]
[SourceTitle "EXT 2018"]
[Source "ChessBase"]
[SourceDate "2017.10.13"]
[SourceVersion "1"]
[SourceVersionDate "2017.10.13"]
[SourceQuality "1"]
[WhiteTeam "Rotation Pankow (W)"]
[BlackTeam "Leipzig WBA (W)"]
[WhiteTeamCountry "GER"]
[BlackTeamCountry "GER"]

1. e4 c5 2. Nf3 Nc6 3. Bb5 g6 4. 0-0 Bg7 5. c3 Nf6 6. e5 Nd5 7. d4 a6 8. Bc4 Nc7 9. Bf4 b5 10. Bxf7+ Kxf7 11. d5 Rf8 12. dxc6 dxc6 13. Qc1 Nd5 14. Bh6 Qc7 15. c4 Nb6 16. Bxg7 Kxg7 17. cxb5 cxb5 18. Nbd2 Bf5 19. Re1 Rad8 20. Ne4 c4 21. Neg5 h6 22. Ne4 Qc6 23. Ng3 Bg4 24. Nd2 Nd5 25. h3 Nf4 26. Nde4 Be6 27. Rd1 Nd3 28. Qc3 b4 29. Qc2 Nxe5 30. a3 Rxd1+ 31. Rxd1 a5 32. axb4 axb4 33. f3 Qb6+ 34. Kh2 Rd8 35. Ra1 Nd3 36. Ne2 Kh7 37. Rd1 Ra8 38. Rxd3 cxd3 39. Qxd3 Rd8 40. Qc2 Qb8+ 41. N2g3 Qe5 42. Qf2 Bf5 43. f4 Qd4 44. Qe2 Rf8 45. Nd2 Rf7 46. Nxf5 gxf5 47. Qc4 Qxc4 48. Nxc4 e6 49. b3 Rd7 50. Ne5 Rd4 51. Nc6 Rxf4 52. Kg3 Re4 53. Kf3 Kg7 54. Nb8 Kf7 55. Nd7 Ke7 56. Nc5 Re1 57. Nd3 Rb1 58. Nc5 Rc1 59. Na4 e5 60. Ke2 Rc2+ 61. Kf3 Kd6 62. g4 fxg4+ 63. hxg4 Ra2 64. Nb6 Ra3 65. Nc4+ Kc5 66. Nd2 Kd4 0-1

[Event "BL2 Ost 1213 (Women)"]
[Site "Germany"]
[Date "2012.10.07"]
[Round "2.5"]
[White "Riemer Nlula, Marion"]
[Black "Wolf, Sylvia"]
[Result "0-1"]
[WhiteElo "1961"]
[BlackElo "2068"]
[PlyCount "66"]
[EventDate "2012.10.06"]
[EventType "team-tourn"]
[EventRounds "7"]
[EventCountry "GER"]
[SourceTitle "EXT 2018"]
[Source "ChessBase"]
[SourceDate "2017.10.13"]
[SourceVersion "1"]
[SourceVersionDate "2017.10.13"]
[SourceQuality "1"]
[WhiteTeam "Zeulenroda (W)"]
[BlackTeam "Rotation Pankow (W)"]
[WhiteTeamCountry "GER"]
[BlackTeamCountry "GER"]

1. e4 c5 2. d4 cxd4 3. c3 dxc3 4. Nxc3 d6 5. Bc4 Nf6 6. e5 Nfd7 7. Nf3 dxe5 8. Bxf7+ Kxf7 9. Ng5+ Ke8 10. Qd5 e6 11. Nxe6 Qb6 12. Nb5 Na6 13. Be3 Bb4+ 14. Ke2 Bc5 15. Nxg7+ Kf8 16. Ne6+ Ke7 17. Nxc5 Qxb5+ 18. Kd1 Naxc5 19. Bg5+ Ke8 20. Kc2 Qe2+ 21. Bd2 Qe4+ 22. Qxe4 Nxe4 23. Be3 b6 24. f3 Nef6 25. Rhe1 Kf7 26. Rad1 Rg8 27. Rd2 Bb7 28. h4 e4 29. Bg5 Rae8 30. Red1 Nc5 31. b4 Ne6 32. Bxf6 Kxf6 33. Rd6 Rxg2+ 0-1

[Event "BL 1112 (Women)"]
[Site "Germany"]
[Date "2011.10.29"]
[Round "1.6"]
[White "Wolf, Sylvia"]
[Black "Schmidt, Jade"]
[Result "1-0"]
[WhiteElo "2073"]
[BlackElo "2098"]
[PlyCount "67"]
[EventDate "2011.10.29"]
[EventType "team-tourn"]
[EventRounds "11"]
[EventCountry "GER"]
[SourceTitle "EXT 2013"]
[Source "ChessBase"]
[SourceDate "2012.11.22"]
[SourceVersion "1"]
[SourceVersionDate "2012.11.22"]
[SourceQuality "1"]
[WhiteTeam "Pankow Rotation (W)"]
[BlackTeam "Hamburger SK (W)"]
[WhiteTeamCountry "GER"]
[BlackTeamCountry "GER"]

1. e4 c5 2. Nf3 d6 3. Bb5+ Bd7 4. a4 Nf6 5. Nc3 Nc6 6. 0-0 e5 7. d3 Be7 8. Bg5 0-0 9. Bxf6 Bxf6 10. Nd5 Be6 11. Bxc6 bxc6 12. Nxf6+ Qxf6 13. Qe1 Rab8 14. b3 Qe7 15. Nd2 f5 16. f4 fxe4 17. Qxe4 Bd5 18. Qe3 Rbe8 19. c4 Bf7 20. Rae1 Qc7 21. f5 Rb8 22. Qg5 Qd8 23. Qg4 Kh8 24. Re3 Qe7 25. Rg3 Be8 26. Ne4 Rb7 27. f6 gxf6 28. Rxf6 Rxb3 29. h4 Bg6 30. Rxg6 hxg6 31. Qxg6 Rb1+ 32. Kh2 Qh7 33. Qxd6 Rbf1 34. Qxe5+ 1-0

[Event "BL2 Ost 0910 (Women)"]
[Site "Germany"]
[Date "2010.03.14"]
[Round "7.5"]
[White "Koeditz, Katja"]
[Black "Wolf, Sylvia"]
[Result "1/2-1/2"]
[WhiteElo "1955"]
[BlackElo "2066"]
[PlyCount "33"]
[EventDate "2009.11.07"]
[EventType "team-tourn"]
[EventRounds "7"]
[EventCountry "GER"]
[SourceTitle "CBM 133 Extra"]
[Source "ChessBase"]
[SourceDate "2010.01.05"]
[SourceVersion "1"]
[SourceVersionDate "2010.01.05"]
[SourceQuality "1"]
[WhiteTeam "Leipzig Lindenau (W)"]
[BlackTeam "Pankow Rotation (W)"]
[WhiteTeamCountry "GER"]
[BlackTeamCountry "GER"]

1. d4 Nf6 2. Nf3 c5 3. e3 e6 4. Bd3 d5 5. c3 Nc6 6. Nbd2 cxd4 7. cxd4 Bd6 8. 0-0 0-0 9. Re1 Qc7 10. Nf1 e5 11. dxe5 Nxe5 12. Nxe5 Bxe5 13. h3 h6 14. Qe2 Bd6 15. Qf3 Be5 16. Qe2 Bd6 17. Qf3 1/2-1/2

[Event "BL2 Ost 0910 (Women)"]
[Site "Germany"]
[Date "2010.03.13"]
[Round "6.5"]
[White "Wolf, Sylvia"]
[Black "Just, Anita"]
[Result "1-0"]
[WhiteElo "2066"]
[BlackElo "1992"]
[PlyCount "87"]
[EventDate "2009.11.07"]
[EventType "team-tourn"]
[EventRounds "7"]
[EventCountry "GER"]
[SourceTitle "CBM 133 Extra"]
[Source "ChessBase"]
[SourceDate "2010.01.05"]
[SourceVersion "1"]
[SourceVersionDate "2010.01.05"]
[SourceQuality "1"]
[WhiteTeam "Pankow Rotation (W)"]
[BlackTeam "Leipzig Allianz (W)"]
[WhiteTeamCountry "GER"]
[BlackTeamCountry "GER"]

1. e4 e6 2. d4 d5 3. e5 c5 4. Nf3 Nc6 5. Bd3 cxd4 6. 0-0 Bd7 7. a3 Qc7 8. Re1 f6 9. Bf4 f5 10. b4 a6 11. Nbd2 Nge7 12. h4 Ng6 13. Bg3 Be7 14. h5 Nf8 15. Nb3 g5 16. hxg6 hxg6 17. Nfxd4 Nxd4 18. Nxd4 g5 19. Nxf5 exf5 20. e6 f4 21. exd7+ Nxd7 22. Bg6+ Kd8 23. Bh2 Qd6 24. Bf5 Qh6 25. Bh3 Nf6 26. Re6 g4 27. Rxf6 Qxf6 28. Bxg4 Kc7 29. c4 d4 30. b5 Rag8 31. Qf3 Bd6 32. bxa6 bxa6 33. c5 Be5 34. Re1 Qh4 35. Rxe5 Qxh2+ 36. Kf1 Qh1+ 37. Ke2 Re8 38. Qe4 d3+ 39. Kd2 Rxe5 40. Qxe5+ Kd8 41. c6 Qh7 42. c7+ Qxc7 43. Qxh8+ Ke7 44. Qg7+ 1-0